10 rutas en Barcelona Barcelona és mucho más Barcelona és mucho más
Descripción Física:
23 pàgines : il·lustracions ; 24 cm
Materias:
Barcelona (Catalunya : Província) -- Descripcions i viatges
; Barcelona (Catalunya : Província) -- Guies
Idioma:
Español
MARC
| LEADER | 00000nam a2200000 a 4500 | ||
|---|---|---|---|
| 001 | 26355 | ||
| 008 | 220726b spa||||| |||| 00| 0 spa d | ||
| 017 | |a DL B 22387-2017 | ||
| 080 | |a FU-72-36 | ||
| 245 | |a 10 rutas en Barcelona |b Barcelona és mucho más | ||
| 246 | 3 | 2 | |a Diez rutas en Barcelona |
| 260 | |a Barcelona : |b Diputació de Barcelona, |c 2017 | ||
| 300 | |a 23 pàgines : |b il·lustracions ; |c 24 cm | ||
| 651 | 0 | |a Barcelona (Catalunya : Província) |x Descripcions i viatges |9 52924 | |
| 651 | 0 | |a Barcelona (Catalunya : Província) |9 52676 |v Guies | |
| 710 | 2 | |a Barcelona es Mucho Más |e Marca turística |9 51683 | |
| 710 | 1 | |a Barcelona (Catalunya : Província). |b Diputació |9 52408 | |
| 901 | |a Arxiu | ||
| 942 | |n 1 |2 udc |c ARXIU | ||
| 952 | |0 0 |1 0 |4 0 |6 FU7236 |7 1 |9 63213 |a Arxiu |b Arxiu |d 2022-07-26 |l 0 |o FU-72-36 |p 26355 |r 2022-07-26 00:00:00 |w 2022-07-26 |y ARXIU | ||
| 999 | |c 82480 |d 82480 | ||